000 00659nam a2200217 i 4500
001 169327
003 ES-MaACL
005 20250911062846.0
008 080901s2008 sp |||| | spa d
017 _aM-7.659-2008
020 _a978-84-7522-037-6
080 _a821.134.2(899)-14"19"
100 1 _aBenedetti, Mario,
_d1920-2009
_927492
245 1 0 _aNuevo rincón de haikus /
_cMario Benedetti.
260 _aMadrid :
_bVisor Libros,
_c2008.
300 _a308 p. ;
_c20 cm.
490 1 _aColección Visor de poesía ;
_v674
830 0 _aColección Visor de poesía
_v674
_9177331
852 4 _aES-MaACL
_jL-29674
_9R.143534
999 _c169327
_d169327